Իմ կյանքից : (Record no. 8007)
[ view plain ]
| 000 -LEADER | |
|---|---|
| fixed length control field | 00809nam a2200217 a 4500 |
| 001 - CONTROL NUMBER | |
| control field | 000021599 |
| 003 - CONTROL NUMBER IDENTIFIER | |
| control field | AM-YEHGA |
| 005 - DATE AND TIME OF LATEST TRANSACTION | |
| control field | 20250618070827.0 |
| 008 - FIXED-LENGTH DATA ELEMENTS--GENERAL INFORMATION | |
| fixed length control field | 971110s1953 ai |||||||||||||||||arm|d |
| 040 ## - CATALOGING SOURCE | |
| Original cataloging agency | AM-YeHGA |
| 041 0# - LANGUAGE CODE | |
| Language code of text/sound track or separate title | arm |
| 090 ## - LOCALLY ASSIGNED LC-TYPE CALL NUMBER (OCLC); LOCAL CALL NUMBER (RLIN) | |
| -- | 8067 |
| 100 1# - MAIN ENTRY--PERSONAL NAME | |
| Personal name | Շիրվանզադե, Ալեքսանդր Մինասի, |
| Dates associated with a name | 1858-1935 |
| 9 (RLIN) | 1334 |
| 245 10 - TITLE STATEMENT | |
| Title | Իմ կյանքից : |
| Remainder of title | [Վիպակ] / |
| Statement of responsibility, etc. | Ալ. Շիրվանզադե ; Խմբ.՝ Արաքս; Նկ.՝ Տ. Թոքմաջյան. |
| 260 ## - PUBLICATION, DISTRIBUTION, ETC. | |
| Place of publication, distribution, etc. | Երևան : |
| Name of publisher, distributor, etc. | Հայպետհրատ , |
| Date of publication, distribution, etc. | 1953. |
| 300 ## - PHYSICAL DESCRIPTION | |
| Extent | 29 էջ : |
| Other physical details | նկ. ; |
| Dimensions | 20 սմ. |
| 650 14 - SUBJECT ADDED ENTRY--TOPICAL TERM | |
| Topical term or geographic name entry element | Հայ գրականություն |
| General subdivision | Վիպակ |
| 700 0# - ADDED ENTRY--PERSONAL NAME | |
| Personal name | Արաքս, |
| Dates associated with a name | 1903-1978 |
| Relator term | խմբ. |
| Relationship | edt |
| 9 (RLIN) | 97 |
| 700 1# - ADDED ENTRY--PERSONAL NAME | |
| Personal name | Թոքմաջյան, Տիգրան Արմենակի, |
| Dates associated with a name | 1923-2004 |
| Relator term | նկ. |
| Relationship | art |
| 9 (RLIN) | 1994 |
| 942 ## - ADDED ENTRY ELEMENTS (KOHA) | |
| Koha item type | Գրքեր / Books |
| Withdrawn status | Lost status | Source of classification or shelving scheme | Damaged status | Not for loan | Collection | Home library | Current library | Date acquired | Total checkouts | Full call number | Barcode | Date last seen | Price effective from | Koha item type | Public note |
|---|---|---|---|---|---|---|---|---|---|---|---|---|---|---|---|
| Universal Decimal Classification | General | Fundamental Scientific Library | Fundamental Scientific Library | 21/12/2016 | AII/30725 | 220030725 | 21/12/2016 | 21/12/2016 | Գրքեր / Books | 30 Days Loan | |||||
| Universal Decimal Classification | General | Fundamental Scientific Library | Fundamental Scientific Library | 21/12/2016 | AII/30726 | 220030726 | 21/12/2016 | 21/12/2016 | Գրքեր / Books | 30 Days Loan | |||||
| Universal Decimal Classification | General | Fundamental Scientific Library | Fundamental Scientific Library | 21/12/2016 | AII/30727 | 220030727 | 21/12/2016 | 21/12/2016 | Գրքեր / Books | 30 Days Loan | |||||
| Universal Decimal Classification | General | Fundamental Scientific Library | Fundamental Scientific Library | 21/12/2016 | AII/30728 | 220030728 | 21/12/2016 | 21/12/2016 | Գրքեր / Books | 30 Days Loan |
ՀՀ Գիտությունների ազգային ակադեմիայի հիմնարար գիտական գրադարան = Fundamental Scientific Library of NAS RA
All site content, except where otherwise noted, is licensed under a